000 01501na a2200409 4500
001 20216
003 MIRAKIL
005 20181213155128.0
008 170120b tu 000 0
035 _a20216
040 _aMilas
_btur
_cTR-AnCHP
041 _atur
082 _aCHP 324.2372026
_bC36ü 1999
090 _aCHP 324.2372026 C36ü 1999
110 _aCumhuriyet Halk Partisi (CHP)
222 _aÜye kayıt yenileme
245 _aCHP üye kayıt yenileme genelgesi
_b[21.09.1999]
_cCHP
246 _aCHP 1999 üye kayıt yenileme genelgesi
260 _aAnkara
_bCHP
_c1999
300 _a21 s.
_c21 sm.
440 _aCumhuriyet Halk Partisi yayınları
_pGenelgeler
490 _aÜye Kayıt Yenileme (ÜKY)
_v2
500 _aDış kapak yapıt adı: Türkiye'ye sahip çık kaydını yenile. Üye kayıt yenileme genelgesi
500 _aKütüphaneciden çevrimdışı versiyonu sağlanabilir
610 _aCumhuriyet Halk Partisi (CHP)
_xGenelgeler, 1999
_yParti üyeliği
_yÜyelik yenileme
610 _aCumhuriyet Halk Partisi (CHP)
_xYönetmelikler, 1999
_yParti üyeliği
_yÜyelik yenileme
657 _aCHP 1999 genelgesi
657 _aCHP genelgeleri
657 _aCHP yönetmelikleri
657 _aCHP 1999 yönetmeliği
740 _aÜye kayıt yenileme genelgesi
740 _aCHP 1999 üye kayıt yenileme genelgesi
740 _aTürkiye'ye sahip çık kaydını yenile.
830 _aCHP genelgeleri
942 _2dcc
_cBKS
999 _c7123
_d7123